000 00571nam a2200193 i 4500
001 33874
003 ES-MaACL
005 20250115063036.0
007 t|
008 030203m19001980it ||||1| ita d
100 1 _aBoccaccio, Giovanni,
_d1313-1375
_929661
245 1 3 _aLa opere /
_cdi Giovanni Boccaccio ; scelte e illustrate da Nicola Fingarelli.
250 _a2ยช ed.
260 _aFirenze :
_bF. Perella,
_c[19--?]
300 _a362 p. ;
_c21 cm.
700 1 _aFingarelli, Nicola.
_950892
852 _aES-MaACL
_jD-1197
999 _c33874
_d33874